书目信息 |
| 题名: |
南社
|
|
| 作者: | 杨天石 , 刘彦成 著 | |
| 分册: | ||
| 出版信息: | 北京 中华书局 1980 |
|
| 页数: | 156页 | |
| 开本: | 19cm | |
| 丛书名: | 中国文学史知识丛书 | |
| 单 册: | ||
| 中图分类: | I209.5 , I207 | |
| 科图分类: | ||
| 主题词: | ||
| 电子资源: | ||
| ISBN: | ||
| 000 | 00686oam2 2200265 450 | |
| 001 | 1550215373 | |
| 005 | 20150126135748.68 | |
| 010 | @dCNY0.41 | |
| 091 | @a10018.452 | |
| 100 | @a19950526d1980 em y0chiy0110 ea | |
| 101 | 0 | @achi |
| 102 | @aCN@b110000 | |
| 105 | @ay z 000yy | |
| 200 | 1 | @a南社@9nan she@f杨天石,刘彦成著 |
| 210 | @a北京@c中华书局@d1980 | |
| 215 | @a156页@d19cm | |
| 225 | 2 | @a中国文学史知识丛书 |
| 461 | 0 | @12001 @a中国文学史知识丛书 |
| 601 | 0 | @a南社@x研究 |
| 690 | @aI209.5@v5 | |
| 690 | @aI207@v4 | |
| 701 | 0 | @a杨天石@9yang tian shi@f(1936~)@4著 |
| 701 | 0 | @a刘彦成@9liu yan cheng@4著 |
| 801 | 0 | @aCN@bTSSF@c20150126 |
| 905 | @aZUCC@dI207@eJY4 | |
| 南社/杨天石,刘彦成著.-北京:中华书局,1980 |
| 156页;19cm.-(中国文学史知识丛书) |
| ISBN :CNY0.41 |
| ● |
| 相关链接 |
|
|
|
|
正题名:南社
索取号:I207/JY4
 
预约/预借
| 序号 | 登录号 | 条形码 | 馆藏地/架位号 | 状态 | 备注 |
| 1 | 7838211 | 278382117 | 学院路分馆/ [索取号:I207/JY4] | 在馆 |